000 01759nam a2200517 i 4500
001 3354
003 KOSZ 005
005 20200416143052.0
008 981023s1987 pl |000 0 eng d
015 _aUWD 1987/2889
020 _a8301068558
035 _a991007145099705066
035 _a(PL-WaBN)b11856385-48omnis_nlop
035 _ab11856385
035 _a(OCoLC)749205494
035 _a(PL)b0000001185638
035 _a(EXLNZ-48OMNIS_NETWORK)9910394950305606
040 _aWA N
_cWA N
_dKOSZ 005/AR
041 0 _aeng
080 _a811.111'36
080 _a(075.8)
100 1 _aMańczak-Wohlfeld, Elżbieta
_d(1950- )
_eAutor
245 1 2 _aA Practical grammar of English /
_cElżbieta Mańczak-Wohlfeld, Anna Niżegorodcew, Ewa Willim.
250 _a[Wydanie 3 zmienione].
260 _aWarszawa ;
_aŁódź :
_bPaństwowe Wydawnictwo Naukowe,
_c1987
300 _a358, [1] strona ;
_c24 cm.
336 _aTekst
_btxt
_2rdacontent
337 _aBez urządzenia pośredniczącego
_bn
_2rdamedia
338 _aWolumin
_bnc
_2rdacarrier
380 _aKsiążki
388 _a1901-2000
388 _a1945-1989
504 _aBibliografia na stronach 358-[359].
521 _aSkrypt dla studentów filologii angielskiej.
650 7 _aJęzyk angielski
_2DBN
650 7 _aGramatyka
655 7 _aPodręczniki akademickie
_2DBN
658 _aJęzykoznawstwo
658 _aEdukacja i pedagogika
700 1 _aNiżegorodcew, Anna
_eAutor
700 1 _aWillim, Ewa
_eAutor
710 _aPaństwowe Wydawnictwo Naukowe
856 _uhttp://koha.tu.koszalin.pl/cgi-bin/koha/opac-detail.pl?biblionumber=3354
_yKatalog online BPK
942 _2UKD
_cKS
999 _c3354
_d3354